000 00587nam a22001817a 4500
005 20251108164259.0
008 250721s1997 xx 000 0 ara d
082 1 4 _a796.077/حلم
100 1 _aحلمي، عصام محمد أمين
_eمؤلف
245 1 0 _aالتدريب الرياضي :
_bأسس - مفاهيم - إتجاهات /
264 1 _aالإسكندريه :
_c1997.
300 _a383ص.
650 1 7 _aالتدريب الرياضي
650 1 7 _aالألعاب الرياضية
700 1 _aبريقع، محمد جابر أحمد
942 _2ddc
_cBK
999 _c8234
_d8234